000 00504nam a2200193Ia 4500
005 20250326124014.0
008 250326s9999 xx 000 0 und d
037 _aTextbook
040 _aFMSL
_beng
_cFMSL
041 _aeng
_2eng
084 _aX K8
_qFMSL
100 _aDue J F
_9130367
245 0 _aIntermediate economic analysis
_cDue J F; Clower R W
250 _a5
260 _aUSA
_bUSA, Richard D.Irwin
_c1966
300 _a481p
942 _cTB
_hX K8
999 _c1271859
_d1271859